000
00342cam a2200145ua 4500
041
_a
hin
_h
082
_a
891.54
_b
JAY/KA
100
_a
Jayasankar, Prasad .
245
_a
Karunaly /
_c
Jayasankar prasad.
_h
Textual Documents
260
_a
:
_b
Bhati bandar ,
_c
1964.
300
_a
38 ; .
504
_a
942
_c
BK
999
_c
12040
_d
12040